000
00326nam a2200133Ia 4500
008
240624s9999 xx 000 0 und d
041
_a
eng
082
_a
332.1 HAR
100
_a
HARRISON TINA
245
_a
FINANCIAL SERVICES MARKETING
260
_c
2000
_a
Harlow
_b
Pearson Education
300
_a
352 : p.
365
_c
GBP
_b
25
999
_c
23438
_d
23438